| 000 | 00402nam a2200157Ia 4500 | ||
|---|---|---|---|
| 008 | 220204s9999 xx 000 0 und d | ||
| 020 | _a0312043472 | ||
| 082 |
_a575:311.13 _bFAL |
||
| 100 | _aFalconer, D S | ||
| 245 | 0 | _aIntroduction to quantitative genetics | |
| 250 | _aEd.4 | ||
| 260 |
_aEngland _bLongman Group _c1996 |
||
| 650 | _aGene frequency | ||
| 700 | _aMackay, Trudy F C | ||
| 942 | _cBK | ||
| 999 |
_c42210 _d42210 |
||